|
|
|
|
| LEADER |
00734ncm a22002052a 4500 |
| 001 |
001235897 |
| 003 |
CZ BrMZK |
| 005 |
20120801072922.0 |
| 007 |
qu |
| 008 |
120801s1902 gw |||||||||||||||||zxx d |
| 040 |
|
|
|a BOA001
|b cze
|
| 072 |
|
7 |
|a 787
|x Hudba pro strunné a smyčcové nástroje
|2 Konspekt
|9 9
|
| 100 |
1 |
|
|a Sitt, Hans,
|d 1850-1922
|7 mzk2005269923
|4 cmp
|
| 245 |
1 |
0 |
|a Vortrage-Album.
|n Bd. 3
|h [hudebnina] :
|b Schul-Ausgabe neuerer Violinliteratur für Violine und Pianoforte /
|c Hans Sitt
|
| 260 |
|
|
|a Leipzig :
|b Breitkopf & Härtel,
|c 1902
|
| 300 |
|
|
|a 43 s.
|
| 910 |
|
|
|a BOA001
|b Mus4-0578.713,3
|
| 990 |
|
|
|a MU
|
| 991 |
|
|
|b 201208
|
| 996 |
6 |
|
|b 2619097029
|c Mus4-0578.713,3
|l MZK
|r Sklad / do 1 hodiny
|n 0
|w 001269931
|u 000010
|a 1
|e BOA001
|j MZK50
|s P
|